000 00665nam a2200181Ia 4500
008 151202s9999||||xx |||||||||||||| ||und||
082 _bPNVM-68705
100 _aशेवडे सच्चिदानंद.
245 _aवाचा आणि गप्प बसा.
260 _b"नवचैतन्य प्रकाशन,मुंबई."
260 _c68705
300 _a192
600 _aशेवडे सच्चिदानंद.
630 _aवाचा आणि गप्प बसा.
700 _aशेवडे सच्चिदानंद.
730 _aवाचा आणि गप्प बसा.
942 _cBOOK
999 _c1335215
_d1335212